• 首页
  • 本馆介绍
  • 公告通知
  • 最新文献
  • 馆藏检索
  • 电子资源
  • 读者导购
  • 参考咨询
  • 我的图书馆
  • 登录
  • 详细信息显示
  • 放入我的书架
  • 预约/预借图书
  • 作者相关作品
  • 分类相关作品
  • 丛书相关作品
  • 出版社相关作品

书目信息

  • 表格格式
  • 工作单格式
  • 卡片格式
题名:
情报系统的肩容性
    
 
作者: F.W.兰开斯特.l.c.史密斯 著
分册:  
出版信息: 北京   科学技术文献出版社  1989.10
页数: 289页
开本: 20cm
丛书名:
单 册:
中图分类: G356
科图分类:
主题词: 情报学 , 情报工作
电子资源:
ISBN: 7-5023-0866-0
000 00653nam0 2200205 450
001 0659769375
005 20061028164528.76
010    @a7-5023-0866-0@dCNY3.80
100    @a20061028d1989 km y0chiy0120 ea
101 0  @achi
102    @aCN@b110000
200 1  @a情报系统的肩容性@Aqing bao xi tong de jian rong xing@f(美)F.W.兰开斯特.l.c.史密斯著@F(mei)F.W.lan kai si te.l.c.shi mi si zhu
210    @a北京@c科学技术文献出版社@d1989.10
215    @a289页@d20cm
606 0  @a情报学
606 0  @a情报工作
690    @aG356@v3
701  0 @aF.W.兰开斯特.l.c.史密斯@AF.W.lan kai si te.l.c.shi mi si@4著
801  0 @aCN@bPFT@c20061028
905    @a10447@dG356@e84
    
    情报系统的肩容性/(美)F.W.兰开斯特.l.c.史密斯著.-北京:科学技术文献出版社,1989.10
    289页;20cm
    
    
    ISBN 7-5023-0866-0:CNY3.80
    
●
相关链接 在E读中查询图书 在五车中查询图书 在当当中查询图书 在豆瓣中查询图书


正题名:情报系统的肩容性     索取号:G356/84         预约/预借

序号 登录号 条形码 馆藏地/架位号 状态 备注
1 0262649   000309730   第一样本阅览室/ [索取号:G356/84] 在馆    
唐山师范学院图书馆 欢迎您!
大连网信软件有限公司© 版权所有